000
00299nam a2200133Ia 4500
100
_a
Carter/V.E
942
_c
BK
654
_a
Testing For Metal
245
_a
Corrosion Testing For Metal Finishing
260
_b
Buttersworth
_a
London
_c
1982
082
_a
620.1
300
_a
121
546
_a
ENGLISH
999
_c
26672
_d
26672